| 000 | 00970nam a22003017a 4500 | ||
|---|---|---|---|
| 001 | 4771 | ||
| 003 | FISKH | ||
| 005 | 20241010085920.0 | ||
| 008 | 241010b cb ||||| |||| 00| 0 eng d | ||
| 020 | _a9780763630614 | ||
| 040 |
_aFISKH _beng _cFISKH _dFISKH |
||
| 050 | _aPZ7.K975 | ||
| 082 | _a813.6 | ||
| 100 |
_aKvasnosky, Mcgee Laura _d(1951-) |
||
| 245 |
_aZelda and Lvy the runaways / _cLaura Mcgee Kvasnosky |
||
| 250 | _aFirst paperback edition in 2007 | ||
| 260 |
_aMassachusetts : _bCandlewick Press, _c2006. |
||
| 300 |
_a42 pages : _bColor illustrations : _c23 cm |
||
| 505 | _aN | ||
| 520 | _aIn three short stories, two fox sisters run away from home, bury a time capsule, and take advantage of some creative juice. | ||
| 521 | 8 |
_a540L
_bLexile |
|
| 521 | 8 |
_aN
_bRaz-Plus |
|
| 650 |
_2Animals _aFamily _vChapter book |
||
| 650 |
_2Sisters _aFoxes |
||
| 700 |
_aKvasnosky, Mcgee Laura _dIllustrator |
||
| 942 |
_2ddc _cBK _n0 |
||
| 999 |
_c4771 _d4771 |
||